000 00578nam a2200229Ia 4500
005 20250326144453.0
008 250326s9999 xx 000 0 und d
020 _a978-81-317-2481-1
037 _aTextbook
040 _aFMSL
_beng
_cFMSL
041 _aeng
_2eng
084 _aX:89ZB P9
_qFMSL
100 _aWeil D N
_9749715
245 0 _aEconomic growth
_cWeil D N
250 _a2
260 _aNew Delhi
_bNew Delhi, Pearson
_c2009
300 _a595p
365 _b425
650 _aManagement
942 _cTB
_hX:89ZB P9
999 _c1303819
_d1303819